[Event "FRA-ch op-A"]
[Site "Aix les Bains"]
[Date "2007.08.25"]
[Round "11"]
[White "Chamba, Antoine"]
[Black "Le Bail, Clara"]
[Result "1/2-1/2"]
[WhiteElo "2091"]
[BlackElo "1981"]
[PlyCount "122"]
[EventDate "2007.08.13"]
[EventType "swiss"]
[EventRounds "11"]
[EventCountry "FRA"]
[SourceTitle "CBM 120 Extra"]
[Source "ChessBase"]
[SourceDate "2007.11.01"]
[SourceVersion "1"]
[SourceVersionDate "2007.11.01"]
[SourceQuality "1"]

1. g3 d5 2. Bg2 Nf6 3. Nf3 c6 4. 0-0 Bg4 5. d3 Nbd7 6. h3 Bxf3 7. Bxf3 e5 8. c4 dxc4 9. dxc4 Bc5 10. Nc3 0-0 11. Qc2 Re8 12. b3 Qe7 13. Bg2 e4 14. Bb2 h5 15. e3 Bb6 16. Ne2 Bc7 17. Rad1 Nc5 18. Nc1 a5 19. a3 Nh7 20. b4 axb4 21. axb4 Na4 22. Bd4 h4 23. Ne2 Ng5 24. Nf4 Nf3+ 25. Bxf3 exf3 26. Qf5 Qe4 27. Qg4 Be5 28. Bxe5 Rxe5 29. Qxh4 Qxc4 30. Rd4 Qb5 31. Rfd1 Nc3 32. Rd8+ Re8 33. Qe7 Rexd8 34. Rxd8+ Rxd8 35. Qxd8+ Kh7 36. Qh4+ Kg8 37. Qd8+ Kh7 38. Qd3+ Qxd3 39. Nxd3 f6 40. Kf1 Kg6 41. Ne1 Nd5 42. b5 c5 43. Nxf3 Nc3 44. b6 Nd5 45. Nh4+ Kg5 46. f4+ Kh6 47. Nf5+ Kg6 48. Nd6 Nxe3+ 49. Kf2 Nd5 50. Nxb7 c4 51. Nd6 Nxb6 52. Ke3 Nd5+ 53. Kd4 c3 54. Kd3 Kh5 55. Ne4 g5 56. f5 g4 57. h4 c2 58. Kxc2 Ne3+ 59. Kd3 Nxf5 60. Nxf6+ Kg6 61. Ne4 Nxh4 1/2-1/2

[Event "Barbera del Valles op-A 30th"]
[Site "Barbera del Valles"]
[Date "2007.07.14"]
[Round "9"]
[White "Chamba, Antoine"]
[Black "Pena Riasco, Alexander"]
[Result "1-0"]
[WhiteElo "2091"]
[BlackElo "2296"]
[PlyCount "70"]
[EventDate "2007.07.06"]
[EventType "swiss"]
[EventRounds "9"]
[EventCountry "ESP"]
[SourceTitle "CBM 119 Extra"]
[Source "ChessBase"]
[SourceDate "2007.09.04"]
[SourceVersion "1"]
[SourceVersionDate "2007.09.04"]
[SourceQuality "1"]

1. Nf3 Nf6 2. g3 d6 3. Bg2 e5 4. d3 Be7 5. 0-0 Nc6 6. c4 0-0 7. Nc3 h6 8. a3 Bg4 9. b4 Qd7 10. Re1 Bh3 11. Bh1 Rae8 12. b5 Nd4 13. e3 Nf5 14. Bb2 c5 15. Nd2 Bd8 16. Qf3 Re7 17. Nde4 Nxe4 18. dxe4 Nd4 19. exd4 cxd4 20. Nd5 Re6 21. Bg2 Rg6 22. Bxh3 Qxh3 23. Qf5 Qxf5 24. exf5 Rg5 25. a4 Rxf5 26. Ba3 Re8 27. Bxd6 Re6 28. c5 e4 29. Nf4 Re8 30. Rad1 Ba5 31. Re2 g5 32. Nh5 Bc3 33. g4 Rf3 34. Kg2 d3 35. Rxe4 Rxe4 1-0

[Event "Barbera del Valles op-A 30th"]
[Site "Barbera del Valles"]
[Date "2007.07.13"]
[Round "8"]
[White "Mestre Bellido, Hector"]
[Black "Chamba, Antoine"]
[Result "1/2-1/2"]
[WhiteElo "2269"]
[BlackElo "2091"]
[PlyCount "91"]
[EventDate "2007.07.06"]
[EventType "swiss"]
[EventRounds "9"]
[EventCountry "ESP"]
[SourceTitle "CBM 119 Extra"]
[Source "ChessBase"]
[SourceDate "2007.09.04"]
[SourceVersion "1"]
[SourceVersionDate "2007.09.04"]
[SourceQuality "1"]

1. e4 e5 2. Nf3 Nc6 3. Bc4 Bc5 4. c3 Nf6 5. d3 0-0 6. Bb3 d5 7. Qe2 dxe4 8. dxe4 a6 9. Nbd2 Qe7 10. 0-0 Be6 11. Re1 h6 12. h3 Rad8 13. Nf1 Bxb3 14. axb3 Qe6 15. b4 Bb6 16. Ng3 Ne7 17. Nh4 Kh7 18. Nhf5 Rd7 19. Qf3 Ng6 20. h4 Rfd8 21. h5 Ne7 22. Nxe7 Rxe7 23. Be3 Bxe3 24. Rxe3 Qg4 25. Qxg4 Nxg4 26. Re2 Red7 27. Rae1 g6 28. f3 Nf6 29. hxg6+ fxg6 30. Kf2 h5 31. Rh1 Kh6 32. Nf1 Kg5 33. g3 Rd1 34. Rh2 Rf8 35. Kg2 Nd7 36. Ne3 Rd3 37. Rh1 Nb6 38. Rd1 Rxd1 39. Nxd1 Nc4 40. Nf2 Rd8 41. Nh3+ Kf6 42. Nf2 g5 43. Kh2 Rd6 44. Kg2 b6 45. Kf1 Nd2+ 46. Kg2 1/2-1/2

[Event "Barbera del Valles op-A 30th"]
[Site "Barbera del Valles"]
[Date "2007.07.07"]
[Round "2"]
[White "Chamba, Antoine"]
[Black "Bautista Sanchez, Joan"]
[Result "0-1"]
[WhiteElo "2091"]
[BlackElo "2223"]
[PlyCount "68"]
[EventDate "2007.07.06"]
[EventType "swiss"]
[EventRounds "9"]
[EventCountry "ESP"]
[SourceTitle "CBM 119 Extra"]
[Source "ChessBase"]
[SourceDate "2007.09.04"]
[SourceVersion "1"]
[SourceVersionDate "2007.09.04"]
[SourceQuality "1"]

1. e4 c6 2. Nf3 d5 3. exd5 cxd5 4. Ne5 Nf6 5. d4 e6 6. Bd3 Nc6 7. c3 Nxe5 8. dxe5 Nd7 9. Qe2 Qc7 10. f4 Bc5 11. Nd2 a6 12. a4 Bb6 13. Nf3 Nc5 14. Bc2 Bd7 15. Be3 Ne4 16. Bxb6 Qxb6 17. Bxe4 dxe4 18. Nd4 0-0 19. a5 Qc5 20. Qxe4 Bc6 21. Nxc6 bxc6 22. 0-0-0 Qxa5 23. Rd6 Rab8 24. Rhd1 c5 25. Qc4 Qa1+ 26. Kd2 Qxb2+ 27. Ke3 Qxg2 28. R1d2 Qg1+ 29. Kf3 Rb1 30. Rf2 h5 31. Rdd2 Re1 32. h3 h4 33. Rg2 Re3+ 34. Kg4 Rg3+ 0-1

[Event "Lyon Rhone op"]
[Site "Lyon"]
[Date "2006.??.??"]
[Round "1"]
[White "Chamba, Antoine"]
[Black "Chatalbashev, Boris"]
[Result "0-1"]
[WhiteElo "1877"]
[BlackElo "2494"]
[PlyCount "34"]
[EventDate "2006.04.??"]
[EventType "swiss"]
[EventRounds "9"]
[EventCountry "FRA"]
[SourceTitle "EXT 2007"]
[Source "ChessBase"]
[SourceDate "2006.11.23"]
[SourceVersion "1"]
[SourceVersionDate "2006.11.23"]
[SourceQuality "1"]

1. e4 c5 2. d4 cxd4 3. c3 d3 4. Bxd3 Nc6 5. f4 d5 6. e5 Nh6 7. Nf3 Bf5 8. Bxf5 Nxf5 9. g4 Nh6 10. Nd4 e6 11. h3 Qh4+ 12. Kf1 Bc5 13. Be3 0-0 14. Bf2 Qe7 15. Nd2 f6 16. N2b3 Bxd4 17. Bxd4 fxe5 0-1